| 000 | 01609nam a22002657a 4500 | ||
|---|---|---|---|
| 001 | 828 | ||
| 005 | 20230804160957.0 | ||
| 008 | 230711b cb ||||| |||| 00| 0 eng d | ||
| 020 | _aFISTK05205 | ||
| 040 |
_aFISKH _beng _cFISKH _dFISKH |
||
| 050 | _aPZ7.M82712 | ||
| 082 | _a823.914 | ||
| 100 | _aMorpurgo, Michael. | ||
| 245 |
_aCool! / _cMorpurgo, Michael ; illustrated by Foreman Michael. |
||
| 260 |
_aLondon : _bHarper Collins, _c2002. |
||
| 300 |
_a103 pages : _billustrations ; _c20 cm. |
||
| 505 | _aP | ||
| 520 | _aMichael Morpurgo's inspiring new story of Robbie, a boy in a coma - victim of a car accident. Locked inside his own head, able to hear but not move or speak, Robbie tries to keep himself from slipping ever deeper into unconsciousness. Robbie, football fan and animal lover, runs after his dog Lucky one day when he chases a cat and is hit by a car. Unconscious, Robbie lies in hospital, unable to speak, move or eat. But he can hear; he is aware, even though his family and friends don't know this. Inside his head, we hear Robbie's thoughts; on his Mum and sister, why his parents are separated. His friends and family try desperately to reach him - even Zola, his favourite Chelsea footballer, comes to see him. And still Robbie can't 'wake up'. Until one day, against hospital rules, Dad brings Lucky into the hospital. Can Lucky bring Robbie back to life? | ||
| 521 |
_a650
_bLexile |
||
| 521 |
_aP
_bRaz-Plus |
||
| 650 |
_aanimals _vdogs _xfiction |
||
| 650 |
_aanimals _vdogs _xfiction |
||
| 700 |
_aForeman, Michael. _cillustrator. |
||
| 942 |
_2ddc _cBK _n0 |
||
| 999 |
_c828 _d828 |
||